Process systems analysis and control (Record no. 13575)

000 -LEADER
fixed length control field 00578nam a22002051 4500
001 - CONTROL NUMBER
control field 13575
003 - CONTROL NUMBER IDENTIFIER
control field BD-DhUET
008 - FIXED-LENGTH DATA ELEMENTS--GENERAL INFORMATION
fixed length control field 730306s1965 nyua b 000 0 eng
040 ## - CATALOGING SOURCE
Original cataloging agency DLC
Transcribing agency DLC
Modifying agency BD-DhUET
082 ## - DEWEY DECIMAL CLASSIFICATION NUMBER
Classification number 660.284
Item number COU/1965
100 1# - MAIN ENTRY--PERSONAL NAME
Personal name Coughanowr, Donald R.
245 10 - TITLE STATEMENT
Title Process systems analysis and control
250 ## - EDITION STATEMENT
Edition statement 1st ed.
260 ## - PUBLICATION, DISTRIBUTION, ETC. (IMPRINT)
Place of publication, distribution, etc. New York
Name of publisher, distributor, etc. McGraw-Hill
Date of publication, distribution, etc. 1965
300 ## - PHYSICAL DESCRIPTION
Extent xii, 491 p.
Other physical details ill.
Dimensions 21 cm.
490 ## - SERIES STATEMENT
Series statement McGraw-Hill chemical engineering series
650 #0 - SUBJECT ADDED ENTRY--TOPICAL TERM
Topical term or geographic name as entry element Control devices process engineering
700 ## - ADDED ENTRY--PERSONAL NAME
Personal name Koppel, Lowell B.
942 ## - ADDED ENTRY ELEMENTS (KOHA)
Koha item type General Book
Holdings
Koha date last seen Withdrawn status Not for loan Piece designation (barcode) Damaged status Copy number Koha issues (times borrowed) Koha normalized classification for sorting Date acquired Price effective from Koha item type Location (home branch) Sublocation or collection (holding branch) Shelving location Koha full call number Source of classification or shelving scheme Koha date last borrowed Lost status
2015-03-03  29699 1 660_284000000000000_COU_19652015-03-032015-03-03General BookCentral Library, BUETCentral Library, BUETCirculation section660.284/COU/1965   
2017-05-09  29689 21660_284000000000000_COU_19652015-03-032015-03-03General BookCentral Library, BUETCentral Library, BUETCirculation section660.284/COU/1965 2017-05-09 
2015-03-03  29697 3 660_284000000000000_COU_19652015-03-032015-03-03General BookCentral Library, BUETCentral Library, BUETCirculation section660.284/COU/1965   
2015-03-03  29692 4 660_284000000000000_COU_19652015-03-032015-03-03General BookCentral Library, BUETCentral Library, BUETCirculation section660.284/COU/1965   
2015-03-03  29698 5 660_284000000000000_COU_19652015-03-032015-03-03General BookCentral Library, BUETCentral Library, BUETCirculation section660.284/COU/1965   
2015-03-03  29690 6 660_284000000000000_COU_19652015-03-032015-03-03General BookCentral Library, BUETCentral Library, BUETCirculation section660.284/COU/1965   
2015-03-03  29688 7 660_284000000000000_COU_19652015-03-032015-03-03General BookCentral Library, BUETCentral Library, BUETCataloging to Circulation660.284/COU/1965   
2015-03-04  34519 8 660_284000000000000_COU_19652015-03-042015-03-04General BookCentral Library, BUETCentral Library, BUETCirculation section660.284/COU/1965   
2015-05-11  29694 9 660_284000000000000_COU_19652015-05-112015-05-11General BookCentral Library, BUETCentral Library, BUETCirculation section660.284/COU/1965   
2015-05-11  29696 10 660_284000000000000_COU_19652015-05-112015-05-11General BookCentral Library, BUETCentral Library, BUETCirculation section660.284/COU/1965   
2015-05-13  29695 11 660_284000000000000_COU_19652015-05-132015-05-13General BookCentral Library, BUETCentral Library, BUETCirculation section660.284/COU/1965   
2015-05-14  17869 12 660_284000000000000_COU_19652015-05-142015-05-14General BookCentral Library, BUETCentral Library, BUETCirculation section660.284/COU/1965   
2015-05-18  15822 13 660_284000000000000_COU_19652015-05-182015-05-18General BookCentral Library, BUETCentral Library, BUETCirculation section660.284/COU/1965   
2015-06-20  29700 14 660_284000000000000_COU_19652015-06-202015-06-20General BookCentral Library, BUETCentral Library, BUETReading section660.284/COU/1965   
2015-06-20  29701 15 660_284000000000000_COU_19652015-06-202015-06-20General BookCentral Library, BUETCentral Library, BUETReading section660.284/COU/1965   
2015-07-10  16716 16 660_284000000000000_COU_19652015-07-102015-07-10General BookCentral Library, BUETCentral Library, BUETCirculation section660.284/COU/1965